| 000 | 00685nam a2200241Ia 4500 | ||
|---|---|---|---|
| 003 | OSt | ||
| 005 | 20220927105110.0 | ||
| 006 | a|||||r|||| 00| 0 | ||
| 007 | ta | ||
| 008 | 220926b |||||||| |||| 00| 0 eng d | ||
| 024 | _a151568 | ||
| 037 | _cReference Collections | ||
| 040 |
_aRTL _cRTL _beng |
||
| 041 |
_2eng _aeng |
||
| 082 | _a"XM8,9(J:24).1.N8, M3/UN" | ||
| 110 |
_aUNCTC _9363704 |
||
| 245 | 0 | _aTransnational corporations in the fertilizer industry | |
| 260 |
_aNew _bYork UN _c1992 |
||
| 300 |
_a69p _ccm. |
||
| 700 |
_aUNCTC _9363706 |
||
| 942 |
_h"XM8,9(J:24).1.N8, M3/UN" _cCC |
||
| 999 |
_c690630 _d690630 |
||